00502nam a2200157 i 450000100060000000300090000600500170001500700030003200800410003510000310007624501100010726000680021730000220028565000130030785200240032068775ES-MaACL20250827063211.0t|040708s1875 sp ||||1| spa d1 aGimeno, Amalio,d1850-193613aLa malaria b: apuntes y observaciones sobre las fiebres palúdicas... / cpor D. A. Gimeno y Cabañas. aMadrid : b[s.n.], c1875 (fImp. de F. García y D. Casaveva) a106 p. ; c20 cm. 4aMalaria. aES-MaACLjT-621-F-4